[Event "Summer Prague Open A 2020"]
[Site "Prague"]
[Date "2020.08.14"]
[Round "8.10"]
[White "Brejnik, Gustav"]
[Black "Houska, Jiri"]
[Result "0-1"]
[WhiteElo "2257"]
[BlackElo "2196"]
[Annotator "ChessBase"]
[PlyCount "92"]
[EventDate "2020.08.08"]
[EventCountry "CZE"]
[SourceTitle "playchess.com"]
[Source "ChessBase"]
[SourceQuality "1"]
[TimeControl "40/5400+30:1800+30"]

1. d4 Nf6 2. c4 g6 3. g3 Bg7 4. Bg2 d5 5. cxd5 Nxd5 6. Nf3 Nb6 7. O-O Nc6 8. e3 O-O 9. Nc3 Re8 10. Nh4 e5 11. d5 Nb4 12. Qb3 Nd3 13. Rd1 e4 14. Nxe4 Nxc1 15. Raxc1 Bg4 16. Rd2 g5 17. d6 c6 18. d7 Nxd7 19. Nc5 Nxc5 20. Qc2 Qe7 21. Nf5 Bxf5 22. Qxf5 Ne6 23. Be4 Nf8 24. f3 Rad8 25. Rdc2 Rd6 26. h4 gxh4 27. Rh2 Qe5 28. Qxe5 Rxe5 29. Rxh4 Rd2 30. b4 Ng6 31. Rh3 f5 32. Bc2 Rxe3 33. Bxf5 Rxf3 34. Bc8 Bf8 35. Rb1 Rfd3 36. Be6+ Kg7 37. Bb3 Bxb4 38. Rf1 Bc5+ 39. Kh1 Rf2 40. Rc1 Bd6 41. Rh5 Bxg3 42. Ra5 a6 43. Rg5 Bf4 44. Rf5 Rh2+ 45. Kg1 Bxc1 46. Kxh2 Rd7 0-1

[Event "Summer Prague Open A 2020"]
[Site "Prague"]
[Date "2020.08.14"]
[Round "8.11"]
[White "Wedda, Dries"]
[Black "Sprenar, Petr"]
[Result "0-1"]
[WhiteElo "2172"]
[BlackElo "2285"]
[Annotator "ChessBase"]
[PlyCount "76"]
[EventDate "2020.08.08"]
[EventCountry "CZE"]
[SourceTitle "playchess.com"]
[Source "ChessBase"]
[SourceQuality "1"]
[TimeControl "40/5400+30:1800+30"]

1. d4 Nf6 2. c4 e6 3. Nf3 d5 4. g3 Be7 5. Bg2 O-O 6. O-O dxc4 7. Qc2 c6 8. Qxc4 b5 9. Qb3 Bb7 10. Rd1 Nbd7 11. Nc3 Qb6 12. Be3 Nd5 13. Nxd5 cxd5 14. Bf4 Rfc8 15. Rdc1 a5 16. Rxc8+ Rxc8 17. Rc1 Rxc1+ 18. Bxc1 Qc6 19. Bd2 b4 20. Qd1 Ba6 21. Bf1 a4 22. b3 a3 23. Qc1 Qb7 24. Bf4 Nf6 25. Nd2 Ne8 26. Qc2 g5 27. Be3 Nd6 28. g4 Qc8 29. Qxc8+ Bxc8 30. Nf3 Ne4 31. Bd2 h5 32. h3 f5 33. Be1 fxg4 34. hxg4 hxg4 35. Ne5 Nc3 36. Bxc3 bxc3 37. Nd3 c2 38. e3 Bb4 0-1

[Event "Summer Prague Open A 2020"]
[Site "Prague"]
[Date "2020.08.14"]
[Round "8.12"]
[White "Marakovits, Nico"]
[Black "Michalczak, Thomas"]
[Result "1/2-1/2"]
[WhiteElo "2105"]
[BlackElo "2245"]
[Annotator "TA"]
[PlyCount "142"]
[EventDate "2020.08.08"]
[EventCountry "CZE"]
[SourceTitle "playchess.com"]
[Source "ChessBase"]
[SourceQuality "1"]

{[%evp 12,142,15,13,18,-10,0,-53,-43,-49,-22,-22,0,0,0,0,0,-49,-55,-53,-14,-22,6,-59,-62,-55,-57,-66,-65,-54,-52,-57,-23,-23,-19,-12,-8,-8,-8,-8,-8,-8,-8,-8,-8,-19,8,8,8,8,8,0,0,0,8,8,8,8,71,29,30,8,137,116,170,0,8,8,8,8,90,0,0,0,0,0,0,0,0,0,0,-8,0,0,0,-51,0,0,0,-51,0,0,0,-51,0,0,0,-51,-51,-51,-51,-51,-58,-58,0,-58,-58,-58,0,-58,-58,-59,-8,-8,0,0,0,0,0,0,0,-59,0,-8,0,-59,0,-59,0,-64,-64,-72,8]} 1. d4 Nf6 2. c4 g6 3. Nc3 d5 4. Nf3 Bg7 5. Bg5 dxc4 6. e4 c5 7. d5 b5 {D91: Grünfeld: 4 Nf3 Bg7 5 Bg5.} 8. Bxf6 Bxf6 9. e5 (9. Nxb5 $11 Bxb2 10. Rb1 Qa5+ {[%mdl 64] Double Attack} 11. Nd2) 9... Bg7 $15 {Black is slightly better.} 10. Nxb5 Qa5+ 11. Nc3 Nd7 (11... O-O {keeps more tension.} 12. Bxc4 Bg4 13. O-O Nd7 14. e6 Ne5) 12. Bxc4 Nxe5 13. Nxe5 Bxe5 14. Qa4+ Qxa4 15. Nxa4 {[#]} O-O $146 ({Predecessor:} 15... Bd4 16. Rc1 Bd7 17. Nc3 Rb8 18. b3 O-O 19. O-O Rfc8 20. Rfe1 Kf8 21. Ne4 h6 {0-1 (43) Marcelin,C (2473)-Ftacnik,L (2598) Germany 2003}) 16. O-O Rb8 17. Nxc5 (17. Rae1 $11 Bd6 18. b3) 17... Bxb2 18. Rab1 {Black should prevent Nd3.} Bf5 19. Bd3 Bxd3 20. Nxd3 Ba3 21. Ne5 Rxb1 22. Rxb1 {[%mdl 4096] Endgame KRB-KRN} Rd8 23. Rb5 a6 (23... e6 {seems wilder.} 24. Nc6 Rc8 25. Rb3 exd5 26. Rxa3 Rxc6 27. Kf1 a6) 24. Nc6 axb5 25. Nxd8 $11 {KB-KN} Kf8 26. Nc6 Bc5 27. Kf1 Ke8 28. Ke2 f6 29. Kd3 Bxf2 {And now ...Kd7 would win.} 30. Nd4 b4 31. Nc2 Bg1 32. h3 Kd7 33. Nxb4 Kd6 34. Kc4 Bc5 (34... f5 $11 {keeps the balance.}) 35. Nd3 Be3 36. a4 Bd2 (36... f5 $11) 37. Nc5 $1 $16 {[%cal Rc5e4] Black must now prevent Ne4+.} Be3 (37... Kc7 $16) 38. Nd3 $2 (38. Ne6 $18) 38... f5 39. a5 g5 40. a6 f4 (40... h5 $11 {remains equal.}) 41. h4 (41. Nb4 $16) 41... f3 $11 42. gxf3 {Threatens to win with hxg5.} gxh4 {Hoping for ...h3.} 43. Nf4 $1 Ba7 44. Nh3 Ke5 45. Kd3 Kxd5 46. Nf4+ Ke5 47. Nh3 h6 48. Kc4 (48. Ke2 $11) 48... Kd6 (48... Kf5 $1 $15) 49. Kd3 Ke5 50. Kc4 (50. Ke2 $11) 50... Be3 (50... Kf5 $1 $15) 51. Kd3 Bb6 52. Kc4 (52. Ke2 $11) 52... Ba7 (52... Kf5 $1 $15) 53. Kd3 Kf5 54. Kc4 ({White should try} 54. Ke2 $11) 54... e6 $15 55. Kc3 e5 {...e4 is the strong threat.} 56. Kd3 Bb6 57. Ke2 Bd4 (57... e4 $1 $15) 58. Kd3 (58. Kf1 $11) 58... Ba7 59. Ke2 Ke6 (59... e4 $1 $15) 60. Kd2 (60. Kd3 $11) 60... Kd5 61. Kd3 Bb6 (61... e4+ $1 $15 62. Ke2 Kd4) 62. Ke2 $11 Kc4 63. Kd2 Ba7 64. Ke2 Bc5 65. Kd2 Kd5 66. Kd3 (66. Ke2 $1 $11) 66... Bb6 ({Black should play} 66... Ba7 $1 $15) 67. Ke2 Ke6 68. Kd2 {[#]} (68. Nf2 $11) 68... Kf5 (68... e4 $1 $15 {[%mdl 512]} 69. Ke2 (69. fxe4 Ke5) 69... e3) 69. Kd3 (69. Ke2 $1 $11) 69... Ba7 (69... e4+ $5 70. Ke2 e3 $17) 70. Ke2 $1 e4 $1 71. Nf2 {[#]} exf3+ {Accuracy: White = 68%, Black = 67%.} ({Better is} 71... e3 $1 $17 {[%cal Re3f2]} 72. Nh3 Bb6) 1/2-1/2

[Event "Summer Prague Open A 2020"]
[Site "Prague"]
[Date "2020.08.14"]
[Round "8.13"]
[White "Soural, Jan"]
[Black "Tirelli, Mauro"]
[Result "1/2-1/2"]
[WhiteElo "2242"]
[BlackElo "2187"]
[Annotator "ChessBase"]
[PlyCount "73"]
[EventDate "2020.08.08"]
[EventCountry "CZE"]
[SourceTitle "playchess.com"]
[Source "ChessBase"]
[SourceQuality "1"]
[TimeControl "40/5400+30:1800+30"]

1. Nf3 {[%emt 0:00:00]} c5 {[%emt 0:00:00]} 2. c4 {[%emt 0:00:00]} Nc6 {[%emt 0:00:00]} 3. Nc3 {[%emt 0:00:00]} g6 {[%emt 0:00:00]} 4. e3 {[%emt 0:00:29]} Bg7 {[%emt 0:00:00]} 5. d4 {[%emt 0:00:05]} d6 {[%emt 0:01:30]} 6. d5 {[%emt 0:00:56]} Ne5 {[%emt 0:00:37]} 7. Nxe5 {[%emt 0:01:02]} Bxe5 {[%emt 0:00:05]} 8. Be2 {[%emt 0:02:11]} Bxc3+ {[%emt 0:05:58]} 9. bxc3 {[%emt 0:00:11]} Qa5 {[%emt 0:00:02]} 10. O-O {[%emt 0:08:45]} f5 {[%emt 0:01:25]} 11. e4 {[%emt 0:10:12]} Nf6 {[%emt 0:13:01]} 12. exf5 {[%emt 0:08:07]} Bxf5 {[%emt 0:00:05]} 13. Bd3 {[%emt 0:05:20]} Qxc3 {[%emt 0:09:40]} 14. Bxf5 {[%emt 0:00:30]} gxf5 {[%emt 0:05:52]} 15. Bg5 {[%emt 0:37:06]} Ne4 {[%emt 0:16:29]} 16. Qh5+ {[%emt 0:00:56]} Kd7 {[%emt 0:00:06]} 17. Qf7 {[%emt 0:02:15]} Nxg5 {[%emt 0:12:42]} 18. Qxf5+ {[%emt 0:00:07]} Kc7 {[%emt 0:00:50]} 19. Qxg5 {[%emt 0:00:14]} Rae8 {[%emt 0:01:03]} 20. Rae1 {[%emt 0:03:55]} Qf6 {[%emt 0:00:58]} 21. Qe3 {[%emt 0:07:18]} Rhg8 {[%emt 0:00:14]} 22. g3 {[%emt 0:06:55]} h5 {[%emt 0:02:58]} 23. Qe6 {[%emt 0:02:53]} h4 {[%emt 0:10:28]} 24. Re3 {[%emt 0:00:58]} Qxe6 {[%emt 0:03:59]} 25. Rxe6 {[%emt 0:00:02]} Rg4 {[%emt 0:00:11]} 26. Rc1 {[%emt 0:01:51]} Kd7 {[%emt 0:00:34]} 27. Kg2 {[%emt 0:00:11]} Rf8 {[%emt 0:03:10]} 28. Rce1 {[%emt 0:00:09]} Rf7 {[%emt 0:01:10]} 29. R1e4 {[%emt 0:00:09]} h3+ {[%emt 0:02:31]} 30. Kf1 {[%emt 0:00:03]} Rxe4 {[%emt 0:00:51]} 31. Rxe4 {[%emt 0:00:02]} Rf3 {[%emt 0:00:22]} 32. Re3 {[%emt 0:00:45]} Rf5 {[%emt 0:02:24]} 33. Rb3 {[%emt 0:01:11]} Kc7 {[%emt 0:01:28]} 34. Re3 {[%emt 0:00:12]} Kd7 {[%emt 0:02:39]} 35. Rb3 {[%emt 0:00:05]} Kc7 {[%emt 0:00:05]} 36. Re3 {[%emt 0:00:56]} Kd7 {[%emt 0:00:04]} 37. a4 1/2-1/2

[Event "Summer Prague Open A 2020"]
[Site "Prague"]
[Date "2020.08.14"]
[Round "8.14"]
[White "Csiki, Endre"]
[Black "Haack, Kevin"]
[Result "1-0"]
[WhiteElo "2266"]
[BlackElo "2180"]
[Annotator "ChessBase"]
[PlyCount "81"]
[EventDate "2020.08.08"]
[EventCountry "CZE"]
[SourceTitle "playchess.com"]
[Source "ChessBase"]
[SourceQuality "1"]
[TimeControl "40/5400+30:1800+30"]

1. e4 c5 2. Nf3 d6 3. d4 cxd4 4. Nxd4 Nf6 5. Nc3 a6 6. Bc4 e6 7. Bb3 Nbd7 8. Bg5 Nc5 9. O-O Be7 10. Qe1 O-O 11. Rd1 Qc7 12. f4 b5 13. a3 Nxb3 14. cxb3 Re8 15. Qg3 Bb7 16. f5 Nh5 17. Qh4 Bxg5 18. Qxg5 e5 19. Ndxb5 axb5 20. Qxh5 f6 21. Rf3 b4 22. axb4 Qb6+ 23. Kh1 Qxb4 24. Rh3 h6 25. Rg3 Kf8 26. Rxg7 Kxg7 27. Qg6+ Kf8 28. Qxf6+ Kg8 29. Qg6+ Kf8 30. f6 Re7 31. fxe7+ Kxe7 32. Qg7+ Kd8 33. Rf1 Bc6 34. Rf8+ Be8 35. Rxe8+ Kxe8 36. Qg8+ Kd7 37. Qxa8 Qxb3 38. Qa4+ Qxa4 39. Nxa4 Kc6 40. Nc3 Kc5 41. g4 1-0

[Event "Summer Prague Open A 2020"]
[Site "Prague"]
[Date "2020.08.14"]
[Round "8.15"]
[White "Toman, Ondrej"]
[Black "Schnider, Gert"]
[Result "1/2-1/2"]
[WhiteElo "2206"]
[BlackElo "2423"]
[Annotator "ChessBase"]
[PlyCount "90"]
[EventDate "2020.08.08"]
[EventCountry "CZE"]
[SourceTitle "playchess.com"]
[Source "ChessBase"]
[SourceQuality "1"]
[TimeControl "40/5400+30:1800+30"]

1. d4 {[%emt 0:00:00]} Nf6 {[%emt 0:00:00]} 2. Bf4 {[%emt 0:00:00]} g6 {[%emt 0:00:00]} 3. Nc3 {[%emt 0:00:00]} d5 {[%emt 0:00:00]} 4. e3 {[%emt 0:00:00]} Bg7 {[%emt 0:00:00]} 5. h4 {[%emt 0:00:13]} h5 {[%emt 0:00:00]} 6. Nf3 {[%emt 0:01:11]} O-O {[%emt 0:00:01]} 7. Be2 {[%emt 0:01:59]} c5 {[%emt 0:00:05]} 8. Qd2 {[%emt 0:00:31]} Qa5 {[%emt 0:01:55]} 9. O-O {[%emt 0:04:31]} Nc6 {[%emt 0:06:08]} 10. Rfd1 {[%emt 0:09:48]} cxd4 {[%emt 0:01:16]} 11. exd4 {[%emt 0:00:35]} Bf5 {[%emt 0:01:12]} 12. Ne5 {[%emt 0:05:54]} Rac8 {[%emt 0:02:42]} 13. a3 {[%emt 0:05:04]} Qd8 {[%emt 0:03:34]} 14. Nxc6 {[%emt 0:07:30]} Rxc6 {[%emt 0:00:14]} 15. Be5 {[%emt 0:03:42]} Kh7 {[%emt 0:04:06]} 16. Bd3 {[%emt 0:05:06]} Bxd3 {[%emt 0:03:54]} 17. Qxd3 {[%emt 0:00:03]} Qd7 {[%emt 0:00:27]} 18. Qf3 {[%emt 0:04:25]} Rd8 {[%emt 0:05:24]} 19. Rd3 {[%emt 0:04:56]} Kg8 {[%emt 0:00:30]} 20. Re1 {[%emt 0:02:18]} Rb6 {[%emt 0:04:58]} 21. Rb1 {[%emt 0:07:31]} Bh6 {[%emt 0:03:51]} 22. Bf4 {[%emt 0:05:07]} Bf8 {[%emt 0:00:13]} 23. Qe2 {[%emt 0:02:06]} Rc8 {[%emt 0:00:45]} 24. f3 {[%emt 0:04:20]} Ne8 {[%emt 0:03:07]} 25. Nd1 {[%emt 0:01:55]} Nc7 {[%emt 0:04:08]} 26. Bxc7 {[%emt 0:03:26]} Rxc7 {[%emt 0:00:21]} 27. c3 {[%emt 0:00:49]} Bh6 {[%emt 0:04:01]} 28. Nf2 {[%emt 0:01:47]} Bf4 {[%emt 0:05:16]} 29. Nh1 {[%emt 0:01:49]} Qf5 {[%emt 0:00:27]} 30. Rbd1 {[%emt 0:02:19]} Re6 {[%emt 0:02:42]} 31. Qf2 {[%emt 0:00:46]} Qf6 {[%emt 0:01:53]} 32. g3 {[%emt 0:01:21]} Bd6 {[%emt 0:01:06]} 33. f4 {[%emt 0:01:26]} Qf5 {[%emt 0:00:31]} 34. Qf3 {[%emt 0:01:17]} Rc6 {[%emt 0:01:19]} 35. Nf2 {[%emt 0:01:11]} Bc7 {[%emt 0:05:10]} 36. R3d2 {[%emt 0:03:34]} Bb6 {[%emt 0:00:06]} 37. Kf1 {[%emt 0:01:01]} Rc8 {[%emt 0:01:29]} 38. Re2 {[%emt 0:02:36]} Rxe2 {[%emt 0:00:22]} 39. Qxe2 {[%emt 0:00:03]} e6 {[%emt 0:00:18]} 40. Kg2 {[%emt 0:01:34]} Qf6 {[%emt 0:01:00]} 41. Qb5 {[%emt 0:31:15]} Qd8 {[%emt 0:30:39]} 42. Re1 {[%emt 0:01:17]} Kg7 {[%emt 0:04:17]} 43. Nd3 {[%emt 0:01:28]} Qe8 {[%emt 0:04:26]} 44. Qb3 {[%emt 0:01:12]} Qd8 {[%emt 0:01:05]} 45. Re2 {[%emt 0:00:54]} Rc7 {[%emt 0:00:21]} 1/2-1/2

[Event "Summer Prague Open A 2020"]
[Site "Prague"]
[Date "2020.08.14"]
[Round "8.16"]
[White "Schernthaner, David"]
[Black "Miedema, David"]
[Result "0-1"]
[WhiteElo "2220"]
[BlackElo "2382"]
[Annotator "ChessBase"]
[PlyCount "70"]
[EventDate "2020.08.08"]
[EventCountry "CZE"]
[SourceTitle "playchess.com"]
[Source "ChessBase"]
[SourceQuality "1"]
[TimeControl "40/5400+30:1800+30"]

1. e4 {[%emt 0:00:00]} e6 {[%emt 0:00:00]} 2. d4 {[%emt 0:00:00]} d5 {[%emt 0:00:00]} 3. Nd2 {[%emt 0:00:00]} c5 {[%emt 0:00:00]} 4. exd5 {[%emt 0:00:00]} exd5 {[%emt 0:00:00]} 5. Ngf3 {[%emt 0:00:00]} Nc6 {[%emt 0:00:00]} 6. Bb5 {[%emt 0:00:03]} Qe7+ {[%emt 0:00:17]} 7. Qe2 {[%emt 0:03:21]} Qxe2+ {[%emt 0:00:08]} 8. Kxe2 {[%emt 0:05:43]} a6 {[%emt 0:00:05]} 9. Bxc6+ {[%emt 0:00:53]} bxc6 {[%emt 0:00:04]} 10. dxc5 {[%emt 0:01:31]} Bxc5 {[%emt 0:00:05]} 11. Nb3 {[%emt 0:00:10]} Bd6 {[%emt 0:00:05]} 12. Re1 {[%emt 0:02:49]} Ne7 {[%emt 0:05:36]} 13. Be3 {[%emt 0:00:59]} f6 {[%emt 0:02:14]} 14. Bc5 {[%emt 0:02:59]} Kd7 {[%emt 0:00:36]} 15. Kd2 {[%emt 0:10:50]} a5 {[%emt 0:00:22]} 16. c3 {[%emt 0:07:04]} a4 {[%emt 0:00:45]} 17. Bxd6 {[%emt 0:00:05]} Kxd6 {[%emt 0:00:04]} 18. Nc5 {[%emt 0:02:34]} Ng6 {[%emt 0:03:47]} 19. Nd3 {[%emt 0:00:38]} Rb8 {[%emt 0:01:21]} 20. Rab1 {[%emt 0:09:12]} Bg4 {[%emt 0:08:15]} 21. Nd4 {[%emt 0:07:05]} Ne5 {[%emt 0:00:22]} 22. Nxe5 {[%emt 0:07:55]} fxe5 {[%emt 0:00:57]} 23. f3 {[%emt 0:00:52]} exd4 {[%emt 0:01:14]} 24. fxg4 {[%emt 0:00:17]} dxc3+ {[%emt 0:00:03]} 25. bxc3 {[%emt 0:00:15]} Rhf8 {[%emt 0:00:26]} 26. Kd3 {[%emt 0:15:11]} Rxb1 {[%emt 0:06:01]} 27. Rxb1 {[%emt 0:00:05]} Rf2 {[%emt 0:00:04]} 28. Rb7 {[%emt 0:00:04]} Rxg2 {[%emt 0:00:06]} 29. Rxg7 {[%emt 0:00:04]} Rxh2 {[%emt 0:00:04]} 30. Ra7 {[%emt 0:03:18]} Rxa2 {[%emt 0:00:19]} 31. Rxh7 {[%emt 0:00:05]} Rg2 {[%emt 0:00:05]} 32. Rg7 {[%emt 0:11:12]} Kc5 {[%emt 0:01:47]} 33. g5 {[%emt 0:00:16]} Rg3+ {[%emt 0:00:07]} 34. Kd2 {[%emt 0:00:25]} Kc4 {[%emt 0:00:06]} 35. g6 {[%emt 0:00:09]} Rg2+ {[%emt 0:00:09]} 0-1

[Event "Summer Prague Open A 2020"]
[Site "Prague"]
[Date "2020.08.14"]
[Round "8.17"]
[White "Kulhanek, Tomas"]
[Black "Mueer, Sebastian"]
[Result "1/2-1/2"]
[WhiteElo "2343"]
[BlackElo "2210"]
[Annotator "TA"]
[PlyCount "115"]
[EventDate "2020.08.08"]
[EventCountry "CZE"]
[SourceTitle "playchess.com"]
[Source "ChessBase"]
[SourceQuality "1"]

{[%evp 26,114,-1,-15,-18,-21,-18,-35,-29,-21,0,-41,-40,-105,-104,-89,-89,-96,-95,-97,-87,-86,-100,-158,-161,-191,-182,-195,-182,-192,-173,-182,-141,-92,-83,-51,-45,-91,-89,-99,-87,-80,-84,-228,-94,-212,-40,-40,0,0,0,0,0,0,0,0,0,0,0,0,0,0,0,0,0,0,0,0,0,0,0,8,23,23,23,8,23,0,0,0,8,8,8,8,8,8,8,0,0,0,0]} 1. e4 c5 2. Nf3 d6 3. Bb5+ Bd7 4. Bxd7+ Qxd7 5. O-O Nf6 6. Re1 Nc6 7. c3 e6 8. d4 cxd4 9. cxd4 d5 10. e5 Ne4 11. Nbd2 Nxd2 12. Bxd2 Be7 13. Rc1 O-O 14. Rc3 Rfc8 {B52: Sicilian: Moscow Variation with 3...Bd7.} 15. a3 Qd8 {15...Bd8 is the modern continuation.} 16. Rd3 b5 {Black is slightly better.} 17. h4 Bxh4 18. Nh2 {next Qh5 is good for White.} Bg5 {[#]} 19. Ng4 $146 (19. f4 $15 Be7 20. Qh5) ({Predecessor:} 19. f4 Be7 20. Qh5 g6 21. Qh3 Bf8 22. Ng4 Bg7 23. f5 exf5 24. Nh6+ Bxh6 25. Bxh6 {1-0 (68) Kabanov,N (2514)-Zakhartsov,V (2548) Tomsk 2006}) 19... Bxd2 $1 $17 20. Qxd2 Ne7 21. Rh3 Nf5 22. Ne3 Qg5 23. Qd3 a6 24. b3 (24. Nxf5 $142 Qxf5 25. Qxf5 exf5 26. b3) 24... Rc6 25. a4 b4 $1 26. Nxf5 Qxf5 ({Don't take} 26... exf5 27. Rg3 $17) 27. Qxf5 exf5 $19 {[%mdl 4096] Endgame KRR-KRR} 28. Rhe3 f4 29. Rf3 g5 30. g3 Rc3 31. Rxc3 bxc3 32. gxf4 gxf4 $15 {KR-KR} 33. Rc1 Rc8 34. Kg2 (34. b4 $17) 34... c2 (34... a5 $19 {Threatens to win with ...f6!} 35. Rc2 f6 $1 {[%mdl 512]}) 35. Kf3 {[#]} (35. b4 $17 {was the only defense.}) 35... Rc3+ $2 (35... a5 $1 $19 {Hoping for ...Kf8.} 36. Kxf4 Kf8) 36. Kxf4 Rxb3 {White must now prevent ...Rc3.} 37. Rxc2 Rd3 38. Kf5 Rxd4 39. a5 Rc4 40. Rb2 Rc5 41. Rb6 Kg7 42. Rxa6 d4 43. Rd6 (43. Ke4 {is interesting.} d3 44. Rd6 Rxa5 45. Rxd3 Ra4+ 46. Kf5) 43... Rxa5 44. Rxd4 Ra6 45. f4 Ra1 46. Rd3 Rg1 47. Rh3 Rg2 48. Rh4 Ra2 49. Rg4+ Kf8 $1 50. Kg5 Ra6 51. f5 f6+ {The position is equal.} 52. exf6 Kf7 53. Rh4 Ra1 54. Rxh7+ Kf8 55. f7 $1 Ra6 56. f6 Ra5+ 57. Kg6 {[%cal Rh7h8]} Rg5+ 58. Kxg5 {Accuracy: White = 76%, Black = 86%.} 1/2-1/2

[Event "Summer Prague Open A 2020"]
[Site "Prague"]
[Date "2020.08.14"]
[Round "8.18"]
[White "Jedlicka, Ales"]
[Black "Mica, Marek"]
[Result "1/2-1/2"]
[WhiteElo "2212"]
[BlackElo "2324"]
[Annotator "ChessBase"]
[PlyCount "84"]
[EventDate "2020.08.08"]
[EventCountry "CZE"]
[SourceTitle "playchess.com"]
[Source "ChessBase"]
[SourceQuality "1"]
[TimeControl "40/5400+30:1800+30"]

1. d4 {[%emt 0:00:00]} Nf6 {[%emt 0:00:00]} 2. c4 {[%emt 0:00:00]} e6 {[%emt 0:00:00]} 3. g3 {[%emt 0:00:06]} c5 {[%emt 0:00:45]} 4. d5 {[%emt 0:00:19]} exd5 {[%emt 0:00:10]} 5. cxd5 {[%emt 0:00:13]} d6 {[%emt 0:00:12]} 6. Nc3 {[%emt 0:00:13]} g6 {[%emt 0:00:15]} 7. Bg2 {[%emt 0:00:10]} Bg7 {[%emt 0:00:13]} 8. Nf3 {[%emt 0:00:14]} O-O {[%emt 0:00:31]} 9. O-O {[%emt 0:00:21]} Re8 {[%emt 0:00:12]} 10. Nd2 {[%emt 0:00:49]} a6 {[%emt 0:11:42]} 11. a4 {[%emt 0:00:30]} Nbd7 {[%emt 0:01:19]} 12. h3 {[%emt 0:00:35]} Rb8 {[%emt 0:06:27]} 13. a5 {[%emt 0:00:32]} b5 {[%emt 0:03:59]} 14. axb6 {[%emt 0:00:12]} Nxb6 {[%emt 0:00:32]} 15. Nb3 {[%emt 0:04:12]} Nc4 {[%emt 0:04:47]} 16. Ra4 {[%emt 0:06:07]} Qb6 {[%emt 0:11:24]} 17. Rxc4 {[%emt 0:05:41]} Qxb3 {[%emt 0:00:08]} 18. Ra4 {[%emt 0:08:29]} Qb6 {[%emt 0:14:58]} 19. Qd3 {[%emt 0:07:14]} Ra8 {[%emt 0:07:52]} 20. Ra3 {[%emt 0:04:02]} Bd7 {[%emt 0:01:32]} 21. Qc2 {[%emt 0:00:36]} Rab8 {[%emt 0:02:59]} 22. Kh2 {[%emt 0:03:08]} Re7 {[%emt 0:02:03]} 23. e4 {[%emt 0:06:03]} Bb5 {[%emt 0:06:21]} 24. Re1 {[%emt 0:00:33]} Nd7 {[%emt 0:00:51]} 25. Bg5 {[%emt 0:04:24]} f6 {[%emt 0:01:14]} 26. Bd2 {[%emt 0:00:41]} Ne5 {[%emt 0:02:01]} 27. Nxb5 {[%emt 0:00:15]} Qxb5 {[%emt 0:11:20]} 28. b3 {[%emt 0:06:22]} c4 {[%emt 0:07:45]} 29. bxc4 {[%emt 0:01:28]} Nxc4 {[%emt 0:00:28]} 30. Ra2 {[%emt 0:00:29]} Nxd2 {[%emt 0:02:00]} 31. Qxd2 {[%emt 0:00:19]} Rbe8 {[%emt 0:00:16]} 32. Qc2 {[%emt 0:08:29]} f5 {[%emt 0:01:13]} 33. Rb1 {[%emt 0:00:10]} Qd7 {[%emt 0:00:05]} 34. exf5 {[%emt 0:00:22]} gxf5 {[%emt 0:00:21]} 35. Qc6 {[%emt 0:00:32]} f4 {[%emt 0:00:45]} 36. Qxd7 {[%emt 0:00:41]} fxg3+ {[%emt 0:00:14]} 37. fxg3 {[%emt 0:00:45]} Rxd7 {[%emt 0:00:09]} 38. Rxa6 {[%emt 0:00:49]} Be5 {[%emt 0:01:12]} 39. Ra3 {[%emt 0:02:30]} Rc7 {[%emt 0:00:43]} 40. h4 {[%emt 0:04:43]} Rf8 {[%emt 0:00:30]} 41. Rf1 {[%emt 0:30:47]} Rxf1 {[%emt 0:12:00]} 42. Bxf1 {[%emt 0:00:00]} Rc3 {[%emt 0:00:06]} 1/2-1/2

[Event "Summer Prague Open A 2020"]
[Site "Prague"]
[Date "2020.08.14"]
[Round "8.19"]
[White "Malassagne, Raphael"]
[Black "Iolis, Oleg"]
[Result "1/2-1/2"]
[WhiteElo "2305"]
[BlackElo "2166"]
[Annotator "ChessBase"]
[PlyCount "102"]
[EventDate "2020.08.08"]
[EventCountry "CZE"]
[SourceTitle "playchess.com"]
[Source "ChessBase"]
[SourceQuality "1"]
[TimeControl "40/5400+30:1800+30"]

1. d4 Nf6 2. Bf4 g6 3. Nc3 d5 4. e3 Bg7 5. h4 c5 6. Nb5 Na6 7. c3 cxd4 8. exd4 h5 9. a4 O-O 10. Be2 Re8 11. Nf3 Bg4 12. Ne5 Bxe2 13. Qxe2 Qc8 14. f3 Nd7 15. g4 Nxe5 16. dxe5 hxg4 17. fxg4 Qc4 18. Rf1 Nc5 19. Rf3 Qxe2+ 20. Kxe2 Ne6 21. Bg3 a6 22. Nd4 Nxd4+ 23. cxd4 Rac8 24. Rc3 Rxc3 25. bxc3 Rc8 26. Kd3 Rc6 27. Rb1 b6 28. Bf4 Bf8 29. h5 gxh5 30. gxh5 Kh7 31. Bg5 f6 32. exf6 exf6 33. Bf4 Bh6 34. Rf1 Bxf4 35. Rxf4 Kg7 36. Rf5 Rd6 37. Kc2 Kf7 38. Rf1 Rd8 39. Kd3 Rh8 40. Rh1 b5 41. axb5 axb5 42. Kc2 f5 43. Kd3 Kf6 44. Ke3 Rc8 45. h6 Rxc3+ 46. Kf4 Rc8 47. h7 Rh8 48. Rh6+ Kg7 49. Rb6 Re8 50. Kxf5 Re4 51. Rb7+ Kh6 1/2-1/2

[Event "Summer Prague Open A 2020"]
[Site "Prague"]
[Date "2020.08.14"]
[Round "8.20"]
[White "Vorisek, Jakub"]
[Black "Mirimanian, Hayk"]
[Result "1/2-1/2"]
[WhiteElo "2221"]
[BlackElo "2268"]
[Annotator "ChessBase"]
[PlyCount "60"]
[EventDate "2020.08.08"]
[EventCountry "CZE"]
[SourceTitle "playchess.com"]
[Source "ChessBase"]
[SourceQuality "1"]
[TimeControl "40/5400+30:1800+30"]

1. e4 c5 2. Nf3 e6 3. d4 cxd4 4. Nxd4 a6 5. Bd3 Bc5 6. Nb3 Ba7 7. O-O Nc6 8. Nc3 Nf6 9. Qe2 d6 10. Bg5 h6 11. Bh4 g5 12. Bg3 e5 13. Kh1 Ne7 14. f3 h5 15. Rad1 Ng6 16. Bf2 Nf4 17. Qd2 Bxf2 18. Rxf2 Be6 19. Bf1 Qb6 20. Na4 Qa7 21. Qxd6 Qxf2 22. Nb6 Bh3 23. gxh3 Qxf3+ 24. Kg1 Qe3+ 25. Kh1 Qxe4+ 26. Kg1 Qe3+ 27. Kh1 Qf3+ 28. Kg1 Qe3+ 29. Kh1 Qe4+ 30. Kg1 Qe3+ 1/2-1/2